Don't Hug Me I'm Scared 4 Lyrics - Statistics

General Stats
  • This quiz has been taken 130 times
  • The average score is 222 of 301
Answer Stats
Lyrics % Correct
I
98%
a
94%
to
91%
I'm
90%
computer.
89%
an
88%
and
88%
And
88%
but
86%
But
86%
guy.
86%
of
85%
the
85%
computery
84%
computery.
84%
digital
84%
Digital
84%
do
84%
do?
84%
do.
84%
Do
84%
made
84%
buttons
83%
my
83%
wires.
83%
you
83%
you.
83%
you'
83%
Everything
81%
in
81%
In
81%
is
81%
style.
79%
there
79%
show
78%
this
78%
it
76%
it.
76%
like
76%
not
76%
'not
76%
out
76%
dancing.
75%
fun.
75%
mind
75%
mind.
75%
we
75%
Wow.
75%
wow.
75%
inside
74%
Inside
74%
Look
74%
what
74%
your
74%
I'd
73%
graph.
71%
be
70%
can
70%
chart.
70%
me
70%
nothing.
70%
Nothing.
70%
world
70%
you're
70%
You're
70%
all
69%
pie
69%
if
68%
real
68%
Clever.
66%
clever
66%
Hey
66%
bar
65%
it's
65%
line
61%
Oh
61%
three
61%
very
61%
Very
61%
blink
60%
clevery
60%
don't
60%
eye.
60%
screen?
60%
there's
60%
Welcome
60%
We're
60%
numbers
59%
smart
59%
things
59%
time.
59%
Time?
59%
Count
58%
fifty
56%
How
56%
up
56%
boy
55%
digitally.
55%
home.
55%
home
55%
life.
54%
then
54%
too.
53%
easy
51%
tell
50%
at
48%
sitting
48%
question
45%
good
44%
picture
44%
by
43%
find
43%
find.
43%
Help
43%
oblong.
43%
codes.
41%
get
41%
yeah.
40%
interesting
39%
something
39%
wanting
39%
controlled
38%
print
38%
amazing
35%
just
35%
Virtually
34%
quite
31%
Know
29%
he's
28%
over
26%
Because
15%
No matching quizzes found
Score Distribution
Percent of People with Each Score
Percentile by Number Answered
Your Score History
You have not taken this quiz